Queen - Fill in the Blanks - Song Titles - Statistics

General Stats
  • This quiz has been taken 158 times
  • The average score is 12 of 15
Answer Stats
Title Missing Words % Correct
We Will ____ You Rock
100%
Another One _____ the Dust Bites
98%
We Are the _________ Champions
97%
________ Rhapsody Bohemian
95%
Crazy ______ Thing Called Love Little
94%
I Want to _____ Free Break
92%
Don't ____ Me Now Stop
92%
_____ Ga Ga Radio
90%
______ Queen Killer
85%
________ to Love Somebody
84%
Too Much ____ Will Kill You Love
79%
These Are the ____ of Our Lives Days
70%
_______ Race Bicycle
67%
_____ Seas of Rhye Seven
58%
_______ Will Be _______ Friends
41%
No matching quizzes found
Score Distribution
Percent of People with Each Score
Percentile by Number Answered
Your Score History
You have not taken this quiz